| 000 | 00448nam a22001697a 4500 | ||
|---|---|---|---|
| 999 |
_c478411 _d478411 |
||
| 003 | NUST | ||
| 005 | 20180528093736.0 | ||
| 008 | 180528b ||||| |||| 00| 0 eng d | ||
| 020 | _a9788184893939 | ||
| 038 | _aSNS Library | ||
| 082 | _a530.143 | ||
| 100 |
_aVoja Radovanovic _910568 |
||
| 245 |
_aProblem Book in Quantum Field Theory _cVoja Radovanovic |
||
| 260 |
_aNew Delhi _bSpringer _c2008 |
||
| 300 |
_a243 p. _bPb. |
||
| 942 |
_2ddc _cBK |
||